000 00417nam a2200193Ia 4500
001 13876
003 GE_BSU
008 181216s||||||||xx |||||||||||||| ||und||
020 _a9781409102618
040 _cGE_BSU
080 _a821.111-3
100 _aReichs,Kerry.
245 4 _aThe good luck girl.
260 _aLondon.
260 _b2009
260 _c387p;19cm.
653 _aThe good luck girl.
942 _cBK
999 _c47020
_d47020